000 01054nam a22002657a 4500
005 20170124102921.0
010 _a122187
020 _c1.00
035 _a122187
037 _bCen Lib/Ret
040 _aDPL
_bHN
082 _2821.03
100 _aबाहरी, हरदेव
_9104317
245 _a प्रसाद साहित्य कोष /
_c हरदेव बाहरी
246 _aPrasad sahitya kosh
_bby Hardev Bahri
260 _aअलाहबाद
_bलीडर प्रेस
_c2014
270 _aभारती भण्डार, लीडर प्रेस
_bउत्तर प्रदेश
300 _a475पृ. :
_c20सेमी(सजिल्द)
500 _aअनुक्रमणिका शामिल
650 _aहिंदी साहित्य
_9104318
650 _aप्रसाद साहित्य
_9104319
650 _aHindi literature
_9104320
650 _aPrasad literature
_99508
942 _2ddc
_cHN
_h821.03
_m बाहरी
999 _c111251
_d111251